000 00795nam a2200253Ia 4500
003 OSt
005 20220918171412.0
006 a|||||r|||| 00| 0
007 ta
008 220917b |||||||| |||| 00| 0 eng d
020 _a9781780323503 (pbk)
_c2138.30
024 _a289,726
037 _b1249, 18/03/2016, Selectbook Service Syndicate
_cTextual
040 _aARTS
_cARTS
_beng
041 _2eng
_aeng
082 _aX:5.6, Q4
100 _aLee Margaret C.
_936398
245 0 _aAfrica's World trade
_b Informal economies and globalization from below
260 _aLondon
_bZed UK
_c2014
300 _aix, 166p.
_ccm.
650 _aECONOMICS
942 _hX:5.6, Q4
_cTEXL
_2CC
999 _c139439
_d139439